|
|
|
|
| LEADER |
00000nab a2200000 a 4500 |
| 001 |
vtls000775257 |
| 003 |
SK-MaSNL |
| 005 |
20260302154206.0 |
| 008 |
140328c2001 xo 0 slo |
| 015 |
|
|
|a SNBRB2001/11-33246
|
| 035 |
|
|
|a CLN000127044
|
| 040 |
|
|
|a SNKBUCL
|b slo
|c SNKBUCL
|e AACR2
|
| 041 |
0 |
|
|a slo
|
| 044 |
|
|
|a xo
|c SK
|
| 080 |
|
|
|a 699.86
|2 1997
|
| 245 |
0 |
0 |
|a Kontaktné zatepľovacie systémy - príklad efektívnej investície
|
| 300 |
|
|
|b Fotogr.
|
| 650 |
0 |
7 |
|a zatepľovanie
|x systémy kontaktné
|2 snkbucl
|9 850488
|
| 655 |
|
7 |
|a články z novín a časopisov
|2 snkbucl
|9 267496
|
| 773 |
0 |
|
|t Eurostav
|g Roč. 7, č. 6 (2001), s. 50
|x 1335-1249
|
| 850 |
|
|
|a Slovenská národná knižnica v Martine
|
| 852 |
|
|
|a SNK
|b KIS3GCP
|
| 992 |
|
|
|a RBX
|
| 999 |
|
|
|c 1367756
|d 1369686
|